LDR 00735naa#a2200193#i#450# 001 EN\\bibl\121203 005 20260513082248.3 011 ## _a2409-1073 100 ## _a20141121b2014####ek#y0engy0150####ca 101 0# _aRUS 102 ## _aRU 200 1# _aFeatures of the Formation of Mass Political Consciousness in Modern Russia _eJournal article 210 1# _aMoscow _cNational Research University of Electronic Technology _d2014 215 ## _a5 с. 608 ## _aJournal article _2local 675 ## _aОтношения между народом и государством. Внутриполитическая деятельность (активность). 323.2 _zRUS 700 #1 _aDobrynina _gM V 700 #1 _aLazarenko _gN I 856 4# _aesgi-journal.ru _u